Branco não, obrigado (Registo nº 2294)

Detalhes MARC
000 -Etiqueta do registo
Cabeçalho 00758nam a22002891 4500
005 - Identificador da versão
Campo de controlo 20240813121930.0
095 ## -
-- PTBN00362184
010 ## - Número internacional normalizado dos livros (ISBN)
Número (ISBN) 9726800226
021 ## - Número do Depósito Legal
Código do país PT
Número 50894/91
100 ## - Dados gerais de processamento
Dados gerais de processamento 20060915d1991 a y0pory5003 ba
102 ## - Pais de publicação ou produção
País de publicação Portugal
101 0# - Língua de publicação
Língua do texto, banda sonora, etc. Português
106 ## - Campo de dados codificados: material textual
Dados codificados do material textual r
105 ## - Campo de dados codificados: livros
Dados codificados dos livros a z 000fy
215 ## - Descrição física 
Indicação específica da natureza do documento e extensão da espécie 38, [4] p.
Outras indicações físicas il.
Dimensões 27 cm
200 1# - Titulo e menção de responsabilidade
Título próprio Branco não, obrigado
Primeira menção de responsabilidade texto e il. Connie Fischer
225 2# - Colecção 
Título próprio da colecção Pintarola
Indicação de volume 1
205 ## - Menção da edição
Menção da edição 1ª ed
210 ## - Publicação, Distribuição, etc. 
Lugar da edição, distribuição, etc. Lisboa
Nome do editor, distribuidor, etc. Lisboa Editora
Data da publicação, distribuição, etc. 1991
606 ## - Nome comum usado como assunto
Número de registo de entrada de autoridade 0000634
Palavra de ordem Literatura estrangeira juvenil
Subdivisão de assunto Conto
675 ## - Classificação Decimal Universal (CDU)
Notação 82-34
Edição
Língua da edição por
700 #1 - Nome de autor-pessoa física (responsabilidade principal)
Número de registo de entrada de autoridade 0001118
Palavra de ordem Fischer
Outra parte do nome não tomada para palavra de ordem Connie
Datas 1953-
942 ## - Elementos de entrada adicionados (Koha)
Tipo de item no Koha Livro
Exemplares
Situação do levantamento Origin of item (home branch) (coded) Biblioteca de empréstimo Código de barras Cota Circulation type (not for loan) Tipo de documento Nota do exemplar Damaged status
  Biblioteca Escolar da Coca Maravilhas Biblioteca Escolar da Coca Maravilhas BECM7646/06 8EST FIS   Livro Sem mensagem